| 000 | 00678nam a22002297a 4500 | ||
|---|---|---|---|
| 999 |
_c17901 _d17901 |
||
| 003 | AR-CdUCM | ||
| 008 | 190510b ||||| |||| 00| 0 spa d | ||
| 040 |
_aMUNICIPALIDAD PROVINCIAL DEL CUSCO _cBIBLIOTECA MUNICIPAL DEL CUSCO |
||
| 041 | _hfre | ||
| 082 |
_a848.9 / _bM29 |
||
| 100 |
_aMauriac, François _97200 |
||
| 245 | _aEl mico / | ||
| 260 |
_aBuenos Aires : _bEmecé, _c1953. |
||
| 300 |
_a131 páginas ; _c19 cm. |
||
| 505 | _aContenido: Novela. | ||
| 650 |
_aNovelas francesas _9571 |
||
| 650 |
_aLiteratura Francesa _9614 |
||
| 650 |
_aSiglo XX _98 |
||
| 700 |
_aNewton, Susana Beatriz (traducción) _938134 |
||
| 942 |
_2ddc _cLIBROS |
||
| 945 |
_aachl _d2019-05-10 |
||